[Event "Pardubice Czech op"]
[Site "Pardubice"]
[Date "2001.07.28"]
[Round "9"]
[White "Korotylev, Alexey"]
[Black "Womacka, Mathias"]
[Result "0-1"]
[WhiteElo "2573"]
[BlackElo "2469"]
[PlyCount "80"]
[EventDate "2001.07.20"]
[Source "ChessBase"]
[SourceDate "2001.09.11"]

1. d4 Nf6 2. c4 e6 3. Nc3 Bb4 4. e3 c5 5. Nf3 Bxc3+ 6. bxc3 d6 7. Bd3 Nc6 8. Nd2 e5 9. O-O O-O 10. Rb1 b6 11. d5 Ne7 12. Qc2 g6 13. f4 Ng4 14. Nf3 exf4 15. exf4 Nf5 16. Re1 h5 17. h3 Ngh6 18. Qf2 h4 19. Bd2 Bd7 20. Rbc1 Kg7 21. Red1 Ba4 22. Re1 Bd7 23. Ra1 Rh8 24. Red1 Qf6 25. a4 a5 26. Kh2 Rae8 27. Rdb1 Rb8 28. Kg1 Ng3 29. f5 Bxf5 30. Bg5 Qxc3 31. Bxf5 Nhxf5 32. Rc1 Qd3 33. Re1 Rhe8 34. Nxh4 Qd4 35. Nxf5+ Nxf5 36. g4 f6 37. Bf4 g5 38. Bh2 Ne3 39. Bxd6 Rb7 40. Ra3 Nxg4 0-1

[Event "Heart of Finland op"]
[Site "Jyvaskyla"]
[Date "1998.??.??"]
[Round "?"]
[White "Lugovoi, Aleksei"]
[Black "Solozhenkin, Evgeniy"]
[Result "0-1"]
[WhiteElo "2540"]
[BlackElo "2500"]
[PlyCount "74"]
[EventDate "1998.??.??"]
[Source "www.chesslib.no"]
[SourceDate "2004.05.04"]

1. d4 Nf6 2. c4 e6 3. Nc3 Bb4 4. e3 c5 5. Bd3 Nc6 6. Nf3 Bxc3+ 7. bxc3 d6 8. e4 e5 9. h3 h6 10. Be3 b6 11. d5 Ne7 12. Nd2 O-O 13. Nf1 Ne8 14. Ng3 f5 15. exf5 Nxf5 16. Nxf5 Bxf5 17. Bxf5 Rxf5 18. Qg4 Rf6 19. O-O Qe7 20. Rae1 Nc7 21. f4 Raf8 22. Bd2 Qf7 23. Rf3 h5 24. Qh4 b5 25. fxe5 Rxf3 26. gxf3 dxe5 27. Qg3 bxc4 28. d6 Nb5 29. Rxe5 Nxd6 30. Rxc5 Nf5 31. Qf4 Qg6+ 32. Kh2 Re8 33. Qxc4+ Kh7 34. Qd3 Qg3+ 35. Kh1 Qxh3+ 36. Kg1 Rf8 37. Bf4 Rf6 0-1

[Event "Clarin GP1 Boca Juniors"]
[Site "Boca"]
[Date "1997.??.??"]
[Round "8"]
[White "Hoffman, Alejandro"]
[Black "Zarnicki, Pablo"]
[Result "1/2-1/2"]
[WhiteElo "2480"]
[BlackElo "2560"]
[PlyCount "44"]
[EventDate "1997.04.26"]
[Source "ChessBase"]
[SourceDate "1997.07.29"]

1. d4 Nf6 2. c4 e6 3. Nc3 Bb4 4. e3 c5 5. Bd3 Nc6 6. Nf3 Bxc3+ 7. bxc3 d6 8. e4 e5 9. d5 Ne7 10. Nh4 h6 11. f3 Qa5 12. Bd2 Ng6 13. Nf5 Bxf5 14. exf5 Nf4 15. Bf1 Nd7 16. a4 O-O-O 17. g3 Nh5 18. Bd3 Nhf6 19. O-O e4 20. fxe4 Ne5 21. Qc2 Nxd3 22. Qxd3 Rde8 1/2-1/2

[Event "URS Ch sf"]
[Site "Odessa UKR"]
[Date "1972.??.??"]
[Round "?"]
[White "Tukmakov, Vladimir B"]
[Black "Anikaev, Yuri N"]
[Result "0-1"]
[WhiteElo "2560"]
[BlackElo "2475"]
[PlyCount "78"]
[EventDate "1972.??.??"]
[Source "www.chesslib.no"]
[SourceDate "2004.05.04"]

1. d4 Nf6 2. c4 e6 3. Nc3 Bb4 4. e3 c5 5. Bd3 Nc6 6. Nf3 Bxc3+ 7. bxc3 d6 8. e4 e5 9. d5 Ne7 10. Nh4 h6 11. g3 g5 12. Ng2 Bh3 13. Ne3 Qa5 14. Bd2 h5 15. a4 O-O-O 16. Qb3 Rhg8 17. Ke2 Kb8 18. Rhb1 Bc8 19. Qc2 Rdf8 20. Rb5 Qc7 21. Rab1 Ka8 22. Qc1 Ng4 23. Nxg4 hxg4 24. Bxg5 f6 25. Be3 Rh8 26. Qa3 Rf7 27. a5 f5 28. exf5 Nxf5 29. Bxf5 Rxf5 30. Qa1 Qf7 31. Rf1 Rxh2 32. Ke1 Rg2 33. Qb2 Rxg3 34. Bxc5 dxc5 35. Rxc5 Re3+ 36. Kd1 Qd7 37. Rh1 Rh3 38. Rg1 Rh2 39. Qb5 Rfxf2 0-1

[Event "Leeuwarden Open"]
[Site "Leeuwarden NED"]
[Date "1994.??.??"]
[Round "6"]
[White "Zilberman, Yaacov"]
[Black "Van der Wiel, John T H"]
[Result "1/2-1/2"]
[WhiteElo "2460"]
[BlackElo "2570"]
[PlyCount "44"]
[EventDate "1994.07.??"]
[Source "www.chesslib.no"]
[SourceDate "2004.05.04"]

1. d4 Nf6 2. c4 e6 3. Nc3 Bb4 4. e3 c5 5. Bd3 Nc6 6. Nf3 Bxc3+ 7. bxc3 d6 8. e4 e5 9. d5 Ne7 10. Nh4 h6 11. f4 Ng6 12. Nxg6 fxg6 13. O-O O-O 14. Rb1 Qe7 15. Qe1 b6 16. h3 Ba6 17. Rb2 exf4 18. Bxf4 Nxd5 19. Bxd6 Qxd6 20. Rxf8+ Rxf8 21. exd5 Bc8 22. Re2 Bd7 1/2-1/2